• 首页
  • 本馆介绍
  • 公告通知
  • 最新文献
  • 馆藏检索
  • 电子资源
  • 读者导购
  • 参考咨询
  • 我的图书馆
  • 登录
  • 详细信息显示
  • 放入我的书架
  • 预约/预借图书
  • 作者相关作品
  • 分类相关作品
  • 丛书相关作品
  • 出版社相关作品

书目信息

  • 表格格式
  • 工作单格式
  • 卡片格式
题名:
社会科学检索词表
    
 
作者: 《社会科学检索词表》编辑委员会编
分册:  
出版信息: 北京   社会科学文献出版社  1996
页数: 1032页
开本: 26cm
丛书名:
单 册:
中图分类: G254.2
科图分类:
主题词: 社会科学-叙词表 , 叙词表-社会科学
电子资源:
ISBN: 7-80050-612-6
000 00693nam0 2200229 45
001 0197036211
005 20061028152800.96
010    @a7-80050-612-6@b精装@dCNY140.00
100    @a19971029d1996 kemy0chiy0121 ea
101 0  @achi
102    @aCN@b110000
105    @ay z 000yy
200 10 @a社会科学检索词表@Ashe hui ke xue jian suo ci biao@f《社会科学检索词表》编辑委员会编
210    @a北京@c社会科学文献出版社@d1996
215    @a1032页@d26cm
300    @a国家哲学社会科学七五重点课题 中国社会科学院研究成果出版基金资助出版
606    @a社会科学-叙词表
606    @a叙词表-社会科学
610 2  @a叙词表
690    @aG254.2@v3
801  0 @aCN@bTSSF@c20061028
905    @a10447@dG254.2@e56
    
    社会科学检索词表/《社会科学检索词表》编辑委员会编.-北京:社会科学文献出版社,1996
    1032页;26cm
    国家哲学社会科学七五重点课题 中国社会科学院研究成果出版基金资助出版
    
    ISBN 7-80050-612-6(精装):CNY140.00
    
●
相关链接 在E读中查询图书 在五车中查询图书 在当当中查询图书 在豆瓣中查询图书


正题名:社会科学检索词表     索取号:G254.2/56         预约/预借

序号 登录号 条形码 馆藏地/架位号 状态 备注
1 0275457   000503994   第一样本阅览室/ [索取号:G254.2/56] 在馆    
唐山师范学院图书馆 欢迎您!
大连网信软件有限公司© 版权所有